[Event "SW Autumn Premier"]
[Site "Newport"]
[Date "2019.11.16"]
[Round "2.9"]
[White "Horrell, Stephen"]
[Black "Emblem, Mark"]
[Result "1-0"]
[WhiteElo "1575"]
[BlackElo "1442"]
[PlyCount "77"]
[EventDate "2019.11.15"]
[EventType "swiss"]
[EventRounds "5"]
[EventCountry "WLS"]

1. e4 e6 2. d4 d5 3. e5 Ne7 4. Nf3 Nf5 5. Be2 c5 6. c3 b6 7. O-O Be7 8. Na3 O-O
9. Nc2 Ba6 10. Ne3 Nxe3 11. Bxe3 Bxe2 12. Qxe2 c4 13. Nd2 b5 14. a3 a6 15. f4
Nd7 16. f5 exf5 17. Rxf5 f6 18. e6 Nb6 19. Qg4 Qe8 20. Rf3 Qg6 21. Qf4 Rac8 22.
Rg3 Qe8 23. Qh6 g6 24. Rh3 Rf7 25. exf7+ Qxf7 26. Rf1 Bf8 27. Qf4 Nd7 28. Nf3
Qg7 29. Qg3 Qe7 30. Re1 Qf7 31. Bh6 Bxh6 32. Rxh6 Nf8 33. Qd6 Re8 34. Rh3 Rxe1+
35. Nxe1 Qe8 36. Kf2 f5 37. Re3 Qc8 38. Re7 f4 39. Qf6 1-0

[Event "SW Autumn Premier"]
[Site "Newport"]
[Date "2019.11.16"]
[Round "2.10"]
[White "Wu, Yuxuan"]
[Black "Macarthur, Duncan M"]
[Result "0-1"]
[WhiteElo "1312"]
[BlackElo "1647"]
[PlyCount "166"]
[EventDate "2019.11.15"]
[EventType "swiss"]
[EventRounds "5"]
[EventCountry "WLS"]

1. c4 Nf6 2. g3 d5 3. cxd5 Nxd5 4. Bg2 g6 5. Qb3 c6 6. Nc3 Nb6 7. Nf3 Bg7 8.
O-O O-O 9. d3 N8d7 10. Be3 Nf6 11. Rac1 Be6 12. Qc2 Rc8 13. Rfd1 Nfd5 14. Bd4
f6 15. e4 Nb4 16. Qd2 Nxa2 17. Nxa2 Bxa2 18. Qb4 Bf7 19. Bc5 Re8 20. Ra1 Ra8
21. Rxa7 Rxa7 22. Bxb6 Ra4 23. Qxa4 Qxb6 24. b4 e5 25. Qa5 Qd8 26. Qxd8 Rxd8
27. Ne1 Bf8 28. Rb1 Be6 29. Bf1 Kf7 30. b5 c5 31. Nc2 f5 32. Ne3 Rd4 33. Nc2
Ra4 34. Ra1 Rxa1 35. Nxa1 Bd7 36. b6 Ba4 37. f4 Kf6 38. Bg2 c4 39. dxc4 Bc5+
40. Kf1 Bxb6 41. exf5 gxf5 42. Bxb7 e4 43. Ke2 Bd4 44. Kd2 Bxa1 45. c5 Bd4 46.
c6 Bb6 47. h3 e3+ 48. Ke1 h5 49. Ba8 Bb5 50. c7 Bxc7 51. Bf3 Be8 52. Ke2 Bb6
53. g4 hxg4 54. hxg4 fxg4 55. Bxg4 Bg6 56. Ke1 Bf5 57. Bf3 Bc7 58. Ke2 Bxf4 59.
Ke1 Ke5 60. Ke2 Kd4 61. Ke1 Bg3+ 62. Ke2 Bd3+ 63. Kd1 Bf2 64. Bg4 Ke5 65. Bf3
Kf4 66. Bh5 Kg3 67. Kc1 e2 68. Bxe2 Bxe2 69. Kd2 Bb5 70. Kc3 Kf4 71. Kc2 Ke4
72. Kc3 Be1+ 73. Kc2 Ba4+ 74. Kb2 Kd4 75. Kc1 Kc3 76. Kb1 Bb3 77. Kc1 Bf2 78.
Kb1 Be3 79. Ka1 Bc4 80. Kb1 Kb3 81. Ka1 Ka3 82. Kb1 Bd3+ 83. Ka1 Bd4# 0-1

[Event "SW Autumn Premier"]
[Site "Newport"]
[Date "2019.11.16"]
[Round "2.12"]
[White "Davies, Rhys"]
[Black "Jansen Van Rensburg, Leon"]
[Result "0-1"]
[WhiteElo "1034"]
[BlackElo "1538"]
[PlyCount "58"]
[EventDate "2019.11.15"]
[EventType "swiss"]
[EventRounds "5"]
[EventCountry "WLS"]

1. e4 d6 2. c3 Nf6 3. f3 a6 4. d4 g6 5. Ne2 Bg7 6. Nf4 b5 7. Bd3 O-O 8. O-O Bb7
9. d5 c6 10. c4 cxd5 11. exd5 bxc4 12. Bxc4 Nbd7 13. Nc3 Rc8 14. Qd3 Ne5 15.
Qe2 Rxc4 16. Be3 Qd7 17. a4 Rfc8 18. Rfd1 Qf5 19. Rac1 Rxf4 20. Bxf4 Qxf4 21.
Qf2 Nc4 22. Rc2 Ne3 23. g3 Nxd1 24. Nxd1 Rxc2 25. Qxc2 Qxf3 26. Nf2 Bxd5 27.
Nh3 Qh1+ 28. Kf2 Qxh2+ 29. Ke3 Qxc2 0-1

[Event "SW Autumn Premier"]
[Site "Newport"]
[Date "2019.11.16"]
[Round "3.1"]
[White "Jones, Martin C"]
[Black "Pinch, David"]
[Result "1/2-1/2"]
[WhiteElo "1768"]
[BlackElo "1646"]
[PlyCount "98"]
[EventDate "2019.11.15"]
[EventType "swiss"]
[EventRounds "5"]
[EventCountry "WLS"]

1. e4 e5 2. Bc4 Nf6 3. d3 d5 {Far too bold. The most popular moves are Nc6,
then c6, or if you want to be be aggressive then Bc5.} 4. exd5 Nxd5 5. Nf3 Nc6
6. O-O Be7 (6... Bc5 7. Re1 O-O 8. Nxe5 Qh4 9. Nf3 Qxf2+ 10. Kh1 Nf6) (6... Bg4
7. h3 Bh5 8. Re1 Be7 {With equal chances.}) 7. Re1 Bf6 $2 {Bg4 was necessary.
The move played pins the e-pawn so that it cannot capture the d4 advance.} (
7... Bg4 8. h3 Bh5 9. g4 Bg6 10. Nxe5) 8. d4 $16 Bg4 $2 {Too late. Nde7 was
the move.} 9. dxe5 {Now there are two pieces attacked.} Bxf3 10. Qxf3 $2 {Not
a poor move but it doesnt make the most of the position.} (10. exf6+ {[Houdini
W10.52].} Kf8 11. fxg7+ Kxg7 12. Qxf3 Re8 13. Rxe8 Qxe8 14. Bd2 Ne5 15. Qg3+
Kh8 16. Bxd5 f6 17. Nc3 Rd8 18. Ne4 Qg6 19. Nxf6 Qxg3 20. hxg3 c6 21. Bc3 cxd5
22. Bxe5 Kg7 23. Rd1 d4 24. Ne8+) 10... Qe7 (10... Nxe5 11. Qxd5 Qxd5 12. Bxd5
O-O-O {And black escapes with only being a piece down.}) 11. Bxd5 Nxe5 12. Qe4
{Should black resign here? The decision to play on was based on the fact that
white has 3 pieces still at home and having a dodgy back row.} Rd8 13. Nc3 c6
14. Bb3 O-O 15. Bf4 {[Houdini W4.42 best Qe2 W4.77] White has rectified the
development and back row issues. Black has consolodated so plays on just to
make it as difficult as possible for white.} Rfe8 16. Rad1 {All exchanges
favour white.} Rxd1 17. Nxd1 {White is avoiding issues based on ...Nf3+, but
it doesnt lead anywhere.} Qc5 {To avoid a queen swap.} 18. Ne3 {This is a good
posting for the knight. Black's loss of the light-squared bishop means that he
is weak on the light squares.} Rd8 19. Rd1 Rxd1+ 20. Nxd1 g6 {Avoiding
back-row issues and trying to cover the light-square deficit. I was expecting
now, or a little later, white to force a queen-swap by Bxe5 Bxe5; Qc4. Houdini
scores this lower than what is played, but the surer win is better than the
quicker win.} 21. Ne3 (21. Bxe5 Bxe5 22. Qc4 Qxc4 23. Bxc4) 21... Kg7 22. c3 {
White is worried about the b2 pawn.} b5 {Covering white squares, and
preventing the queen-swap by Bxe5 and Qc4.} 23. h3 a5 24. Ng4 {[Houdini W4.27
best g4 W5.47] Continuing with the swapping off.} Nxg4 25. hxg4 a4 26. Bc2 a3
$1 {It is worth giving white problems to solve. When one has a lost position
the hope is replaced by the freedom to play silly buggers.} 27. Be3 Qd6 28. Bd4
{Correctly continuing the plan to swap off pieces. But now? The cheek of the
a3 pawn needs to be slapped. G4! Was the move.} axb2 {[Houdini W2.67] Black is
is a better position now, although still lost. More needs to be found to be
just 'losing'.} 29. Bxf6+ Kxf6 $1 {Anticipating a queen-swap, so the king gets
closer to the queen-side pawns, where there is more scope for mischief.} 30.
Bb3 $5 {[Houdini W0.56 best Qd2 W0.50] No way would I have taken my eye off
the b1 square. Houdini rates black's chances as just losing now.} Qe5 $1 {
Houdini's line to take the g4 is not what black would have done. I would have
sprinted to the queen-side after the c3 pawn. Houdini finds a line where this
would fail, but Houdini isnt playing. Martin must be worried now seeing his
lead dissipating.} 31. Qf3+ (31. Qxe5+ Kxe5 32. Bc2 Kf4 33. Kf1 Kxg4 34. Ke2)
31... Kg5 {Houdini's line is better but black wasn't brave enough to allow
white to chase the black king.} (31... Ke7 32. Qxf7+ Kd6 33. Qf8+ Kd7 34. Bc2
Qe1+ 35. Kh2 Qxc3) 32. Bc2 (32. Qd1 Qf4 {And black is winning!.}) 32... Qe1+ {
I wish that I had played b1=R+, just for the hell of it.} 33. Kh2 b1=Q 34. Bxb1
Qxb1 {[Houdini W0.31] Black is back in the game. Black cheekily offered a draw,
but white isnt psychologically ready for that at the moment.} 35. Qxc6 {I have
never played a queen ending before! Black flounders for a while before he
twigs what it is all about.} Qxa2 {It doesn't help that both players are short
of time. When there is a major transition in the game it is necessary to pause
and take stock, since all the previous issues no longer apply. But there is no
time for this now.} 36. Qxb5+ Kxg4 {Risky, but Houdini confirms that there is
no mate.} 37. Qb4+ Kh5 $2 {Black hasnt realised that in a queen ending there
are two approaches. One is that the one side or the other can go for mate. The
other, which applies here, is that the queen and pawn ending is more about the
king and pawn ending. In this position white has a huge advantage in having
the outside passed pawn. If white can engineer a queen-swap then pawn ending
is won. Black needs to get his king over to the c-pawn and arrange the
king-side pawns to prevent white from breaking through when black's king is
awol.} 38. Qd4 {[Houdini W0.31].} Qe6 39. g3 g5 {Black realises it now, so
clears a path for the king to move eastwards.} 40. c4 Kg6 41. c5 f6 42. Qc3 Qc6
43. Qe3 h6 {Dont leave a straggler behind.} 44. g4 {Good in the sense that
black's king-side majority is stymied, but bad in that it has closed off the
white king's entry point should we get down to the king and pawn ending.} Qc7+
45. Kg2 Qc6+ {Just for sake of gaining a couple of increments on the clock -
sorely needed.} 46. f3 Kf7 47. Qd4 {White's plan should be to get the queen to
b6, because black cannot exchange on that square because it puts the pawn to
far away.} Ke7 48. Qc4 {Qb4 is better.} Qe6 {Black's king is close enough to
swap queens gobble the pawn, and then to obstruct the white king. white's move
44 was more bad than good.} 49. Qb5 Qd5 {Draw agreed. Another for my
collection of 'Great Escapes'.} 1/2-1/2

[Event "SW Autumn Premier"]
[Site "Newport"]
[Date "2019.11.16"]
[Round "3.2"]
[White "Blackmore, Simon"]
[Black "Fox, Chris"]
[Result "1-0"]
[WhiteElo "1604"]
[BlackElo "1675"]
[PlyCount "51"]
[EventDate "2019.11.15"]
[EventType "swiss"]
[EventRounds "5"]
[EventCountry "WLS"]

1. d4 Nf6 2. Nf3 d5 3. Bg5 Nbd7 4. e3 e6 5. Nbd2 Be7 6. c3 h6 7. Bh4 c5 8. Bd3
b6 9. Bb5 Qc7 10. Ne5 Bb7 11. Bxf6 Bxf6 12. Nxd7 Ke7 13. Nxf6 gxf6 14. Be2 Rag8
15. Bf3 Ba6 16. dxc5 bxc5 17. g3 h5 18. Bxh5 Qe5 19. Be2 Bb7 20. Qb3 Rb8 21.
Qa3 Qc7 22. Nb3 Rhc8 23. Ba6 d4 24. Bxb7 Qxb7 25. O-O dxc3 26. bxc3 1-0

[Event "SW Autumn Premier"]
[Site "Newport"]
[Date "2019.11.16"]
[Round "3.3"]
[White "Chung, Ethan Cheung Jing"]
[Black "Horrell, Stephen"]
[Result "1/2-1/2"]
[WhiteElo "1652"]
[BlackElo "1575"]
[PlyCount "85"]
[EventDate "2019.11.15"]
[EventType "swiss"]
[EventRounds "5"]
[EventCountry "WLS"]

1. e4 d5 2. exd5 Qxd5 3. Nc3 Qa5 4. d4 Nf6 5. Nf3 Bf5 6. Bd2 c6 7. Bc4 e6 8.
O-O Bb4 9. a3 Bxc3 10. Bxc3 Qc7 11. Re1 O-O 12. Bd3 Bxd3 13. Qxd3 Nbd7 14. Ne5
Rad8 15. Qh3 Nd5 16. Bd2 Ne7 17. c3 c5 18. Bf4 Qb6 19. dxc5 Qxc5 20. b4 Qc8 21.
Bg5 Rde8 22. Rad1 Nxe5 23. Rxe5 Ng6 24. Rc5 Qb8 25. Rd7 h6 26. Bxh6 gxh6 27.
Qxh6 Qf4 28. Qxf4 Nxf4 29. g3 b6 30. Rg5+ Ng6 31. h4 Kh7 32. Rxa7 Ra8 33. Rb7
Rxa3 34. h5 Nh8 35. Rxb6 Rxc3 36. Rb7 Rd8 37. b5 Rd2 38. Rb8 Rcc2 39. Rgg8 Rxf2
40. Rxh8+ Kg7 41. Rhd8 Rg2+ 42. Kf1 Rh2 43. Kg1 1/2-1/2

[Event "SW Autumn Premier"]
[Site "Newport"]
[Date "2019.11.16"]
[Round "3.4"]
[White "Quinn, Peter"]
[Black "Postans, Harrison"]
[Result "1/2-1/2"]
[WhiteElo "1595"]
[BlackElo "1026"]
[PlyCount "59"]
[EventDate "2019.11.15"]
[EventType "swiss"]
[EventRounds "5"]
[EventCountry "WLS"]

1. e4 e5 2. Nf3 Nc6 3. Bc4 Nf6 4. d3 d6 5. c3 Be6 6. Bxe6 fxe6 7. Qb3 Qc8 8.
O-O Be7 9. Nbd2 Nd8 10. d4 exd4 11. cxd4 Qd7 12. Re1 O-O 13. h3 Kh8 14. Nf1 Rb8
15. Ng3 Nf7 16. Be3 a6 17. Rad1 h6 18. Nh4 Rfe8 19. Ng6+ Kh7 20. Qd3 Kg8 21. d5
Ne5 22. Nxe5 dxe5 23. Qb3 exd5 24. exd5 Bd6 25. Bc1 Kh8 26. Qf3 Rf8 27. Qd3
Rbe8 28. Ne4 Nxe4 29. Rxe4 Qf5 30. Re2 1/2-1/2

[Event "SW Autumn Premier"]
[Site "Newport"]
[Date "2019.11.16"]
[Round "3.5"]
[White "Probert, Malcolm"]
[Black "Szakmany, Bence"]
[Result "1-0"]
[WhiteElo "1587"]
[BlackElo "1356"]
[PlyCount "79"]
[EventDate "2019.11.15"]
[EventType "swiss"]
[EventRounds "5"]
[EventCountry "WLS"]

1. Nf3 Nf6 2. g3 g6 3. Bg2 Bg7 4. O-O O-O 5. c4 c5 6. d4 cxd4 7. Nxd4 Nc6 8.
Nc3 a6 9. Nc2 d6 10. Ne3 Bd7 11. Qd2 Rb8 12. b3 Na7 13. Bb2 Bc6 14. Ncd5 Nxd5
15. cxd5 Bd7 16. Bxg7 Kxg7 17. Qd4+ Kg8 18. Qxa7 b5 19. Qd4 Qb6 20. Qxb6 Rxb6
21. Rac1 Rc8 22. Rxc8+ Bxc8 23. Rc1 Rb8 24. Rc7 Kf8 25. Nc2 Ke8 26. Nd4 Bb7 27.
Nc6 Bxc6 28. Rxc6 Ra8 29. e4 Kd7 30. f4 f5 31. e5 Ra7 32. Kf2 Ra8 33. Ke3 Ra7
34. Kd3 Ra8 35. Kc3 dxe5 36. fxe5 Rc8 37. Rxc8 Kxc8 38. Kb4 Kd7 39. Ka5 e6 40.
d6 1-0

[Event "SW Autumn Premier"]
[Site "Newport"]
[Date "2019.11.16"]
[Round "3.6"]
[White "Macarthur, Duncan M"]
[Black "Davies, Milo"]
[Result "0-1"]
[WhiteElo "1647"]
[BlackElo "1207"]
[PlyCount "102"]
[EventDate "2019.11.15"]
[EventType "swiss"]
[EventRounds "5"]
[EventCountry "WLS"]

1. c4 e5 2. Nc3 Nf6 3. Nf3 Nc6 4. g3 Bc5 5. Bg2 O-O 6. O-O d5 7. cxd5 Nxd5 8.
Nxe5 Nxe5 9. Nxd5 c6 10. Nc3 Bg4 11. Qc2 Re8 12. d3 Qe7 13. Ne4 Bb6 14. a3 Rad8
15. b4 h6 16. Bb2 f5 17. Nc5 Bxc5 18. Qxc5 Qxc5 19. bxc5 Bxe2 20. Rfe1 Nxd3 21.
Reb1 Nxc5 22. Bc3 Re7 23. Bb4 b6 24. Bxc6 Rc7 25. Bg2 Nd3 26. Bd2 Nxf2 27. Bxh6
gxh6 28. Kxf2 Rd2 29. Rc1 Rcd7 30. Re1 Ba6+ 31. Kg1 Re2 32. Bh3 Rf7 33. Rac1
Ra2 34. Rc3 Kg7 35. g4 fxg4 36. Bxg4 Rff2 37. Rg3 Kf8 38. Bh5 Bb5 39. h3 Rf5
40. Bg4 Rg5 41. Rf3+ Kg8 42. Rc1 h5 43. Rc8+ Kg7 44. Rc7+ Kg6 45. Rff7 Bd3 46.
Rcd7 Rxa3 47. Rg7+ Kh6 48. Rxg5 Kxg5 49. Rd5+ Kf4 50. Bxh5 Be4 51. Rd2 Rxh3 0-1

[Event "SW Autumn Premier"]
[Site "Newport"]
[Date "2019.11.16"]
[Round "3.7"]
[White "Jansen Van Rensburg, Leon"]
[Black "Davies, Tom"]
[Result "1/2-1/2"]
[WhiteElo "1538"]
[BlackElo "1079"]
[PlyCount "157"]
[EventDate "2019.11.15"]
[EventType "swiss"]
[EventRounds "5"]
[EventCountry "WLS"]

1. e4 d5 2. exd5 Qxd5 3. d4 Nc6 4. Be3 e5 5. c4 Bb4+ 6. Nc3 Qa5 7. d5 Nce7 8.
Nge2 Bf5 9. a3 Bxc3+ 10. Nxc3 Qa6 11. Nb5 O-O-O 12. Be2 Qg6 13. Nxa7+ Kb8 14.
Rg1 Nf6 15. Qa4 Nd7 16. Nb5 Qa6 17. Qb4 Rhe8 18. d6 cxd6 19. Nxd6 Rf8 20. c5
Qc6 21. Bb5 Qc7 22. Qa4 Nxc5 23. Bxc5 Qxc5 24. Nc4 Bd3 25. O-O-O Bxc4 26. Bxc4
Rc8 27. b3 b5 28. Qa6 bxc4 29. Kb1 cxb3 30. Rc1 Qa7 31. Qd6+ Ka8 32. Qxe5 Qxa3
33. Qe4+ Nc6 34. Rxc6 Qa2+ 35. Kc1 b2+ 36. Kd2 b1=Q+ 37. Rc2+ Ka7 38. Rxb1 (38.
Rxa2+ Qxa2+) 38... Qxb1 39. Rc7+ Rxc7 40. Qxb1 Rd7+ 41. Ke3 Re8+ 42. Kf3 Ree7
43. g3 h6 44. Qa2+ Kb6 45. Qb2+ Kc5 46. Qxg7 Re6 47. Qc3+ Kd6 48. Qb4+ Kc7 49.
Qa5+ Kd6 50. Kg4 Rg6+ 51. Kh3 Re6 52. f4 Ke7 53. Kh4 Red6 54. h3 Kf8 55. Qe5 f6
56. Qc5 Kg7 57. g4 Rd5 58. Qe3 Kf7 59. Qe4 Kg7 60. f5 Re5 61. Qc6 Rde7 62. Kh5
Re3 63. h4 R7e4 64. Qc7+ Re7 65. Qf4 Kg8 66. Kxh6 Rh7+ 67. Kg6 Rg7+ 68. Kxf6
Rf7+ 69. Kg5 Rg7+ 70. Kh5 Rh7+ 71. Qh6 Rxh6+ 72. Kxh6 Kf7 73. g5 Rf3 74. f6 Rg3
75. h5 Rg4 76. g6+ Kxf6 77. Kh7 Rg5 78. Kh6 Rg4 79. Kh7 1/2-1/2

[Event "SW Autumn Premier"]
[Site "Newport"]
[Date "2019.11.16"]
[Round "3.9"]
[White "Williams, Ron"]
[Black "Headlong, Georgia"]
[Result "0-1"]
[WhiteElo "1630"]
[BlackElo "1497"]
[PlyCount "94"]
[EventDate "2019.11.15"]
[EventType "swiss"]
[EventRounds "5"]
[EventCountry "WLS"]

1. d4 Nf6 2. Bf4 b6 3. e3 Bb7 4. Nd2 e6 5. c3 Be7 6. Ngf3 Nh5 7. Bg3 d6 8. Bd3
Nd7 9. Qc2 f5 10. h3 Nxg3 11. fxg3 Nf6 12. O-O-O d5 13. Ne5 Bd6 14. Ndf3 a6 15.
g4 Ne4 16. gxf5 exf5 17. g4 Qf6 18. gxf5 Qxf5 19. Qg2 O-O-O 20. Rhf1 Qh5 21.
Qg4+ Qxg4 22. hxg4 Rhf8 23. Bxe4 dxe4 24. Nd2 Bxe5 25. dxe5 Rde8 26. Rxf8 Rxf8
27. Rf1 Rxf1+ 28. Nxf1 Kd7 29. Ng3 Ke6 30. Kd2 Kxe5 31. c4 Bc8 32. g5 h6 33.
gxh6 gxh6 34. Kc3 Bg4 35. b4 h5 36. a4 h4 37. Nf1 h3 38. Ng3 h2 39. a5 bxa5 40.
bxa5 c5 41. Kd2 Bf3 42. Ke1 h1=Q+ 43. Nxh1 Bxh1 44. Kf2 Bf3 45. Ke1 Bh5 46. Kd2
Bf7 47. Kc3 Kf5 0-1

[Event "SW Autumn Premier"]
[Site "Newport"]
[Date "2019.11.16"]
[Round "3.10"]
[White "Emblem, Mark"]
[Black "Williams, David J"]
[Result "0-1"]
[WhiteElo "1442"]
[BlackElo "1522"]
[PlyCount "126"]
[EventDate "2019.11.15"]
[EventType "swiss"]
[EventRounds "5"]
[EventCountry "WLS"]

1. d4 g6 2. Bf4 Bg7 3. e3 Nf6 4. Nf3 O-O 5. h3 c5 6. c3 d5 7. Nbd2 Nbd7 8. Be2
b6 9. O-O Bb7 10. a4 a5 11. Qc2 Rc8 12. Rfe1 h6 13. Ne5 Kh7 14. Bf3 e6 15. Rad1
cxd4 16. exd4 Nxe5 17. Bxe5 Nd7 18. Bxg7 Kxg7 19. Qb3 Ba6 20. Be2 Bxe2 21. Rxe2
Nf6 22. Nf3 Ne4 23. Ne5 Qc7 24. Qc2 Rb8 25. Rc1 Nd6 26. Qd1 Rfc8 27. Rec2 Nc4
28. b3 Nxe5 29. dxe5 Qxe5 30. Qd4 Qxd4 31. cxd4 Rxc2 32. Rxc2 Rb7 33. Kf1 Kf6
34. Ke2 b5 35. Rc5 bxa4 36. bxa4 Rb4 37. Rxa5 Rxd4 38. Ra8 e5 39. a5 Ra4 40. a6
Kf5 41. a7 h5 42. Rd8 Rxa7 43. Rxd5 Ke4 44. Rd2 Kf5 45. Rb2 g5 46. g3 g4 47. h4
Ra3 48. Kf1 Rf3 49. Kg2 Rd3 50. Rb7 Kg6 51. Rb5 f6 52. Ra5 e4 53. Ra4 e3 54.
fxe3 Rxe3 55. Rf4 Re2+ 56. Kg1 Re5 57. Kg2 Rf5 58. Rf2 Rxf2+ 59. Kxf2 Kf5 60.
Ke3 Ke5 61. Kd3 f5 62. Ke3 f4+ 63. gxf4+ Kf5 0-1

[Event "SW Autumn Premier"]
[Site "Newport"]
[Date "2019.11.16"]
[Round "3.11"]
[White "Davies, Rhys"]
[Black "Hammett, Scott"]
[Result "0-1"]
[WhiteElo "1034"]
[BlackElo "1610"]
[PlyCount "56"]
[EventDate "2019.11.15"]
[EventType "swiss"]
[EventRounds "5"]
[EventCountry "WLS"]

1. e4 e5 2. Nf3 Nc6 3. Bc4 f5 4. d3 f4 5. Nc3 Nf6 6. Ng5 Bb4 7. Nf7 Qe7 8. Nxh8
d5 9. a3 Bxc3+ 10. bxc3 dxc4 11. f3 Bd7 12. d4 O-O-O 13. dxe5 Nxe5 14. Bxf4
Rxh8 15. O-O Rd8 16. Qd4 Ng6 17. Rfd1 Nxf4 18. Qxa7 c6 19. Rab1 b5 20. a4 Ne2+
21. Kf2 Nxc3 22. axb5 Nxd1+ 23. Rxd1 cxb5 24. Ra1 Nxe4+ 25. fxe4 Qxe4 26. Qc5+
Bc6 27. Re1 Rd2+ 28. Kf1 Qxg2# 0-1

[Event "SW Autumn Premier"]
[Site "Newport"]
[Date "2019.11.17"]
[Round "4.1"]
[White "Pinch, David"]
[Black "Blackmore, Simon"]
[Result "1-0"]
[WhiteElo "1646"]
[BlackElo "1604"]
[PlyCount "47"]
[EventDate "2019.11.15"]
[EventType "swiss"]
[EventRounds "5"]
[EventCountry "WLS"]

1. d4 d5 2. c4 c6 3. Nf3 Nf6 4. Nc3 g6 5. cxd5 {The most popular moves in this
position are cxd5, e3 and Bf4. White takes on d4 in order to attack d5 forcing
e6, which blocks the bishop. E3 blocks our own bishop so that is rejected. It
is always a problem to know where the c1 bishop is best placed. It is better
to wait to see how things develop.} cxd5 6. g3 Bg7 7. Bg2 Nc6 8. O-O O-O 9. Qb3
{[Stats Qb3 white 25.7% drawn 45.7% black 28.6%; most popular Ne5 33.8%]
white's dilemma is that the state of the tournament is such that white needs a
win in order to stay clear of the field. The position is exactly symetrical,
so a bit drawish. White must take a risk to create an imbalance and hope that
it is in his favour.} (9. Ne5 e6 10. Nxc6 bxc6 11. Na4 Nd7 12. Bf4) 9... a6 {
Preventing Nb5, which combined with Bf4 would be quite powerful.} 10. Bd2 $5 {
White likes neither Bg5 (Ne4) nor Bf4 (Nh5). The bishop needs to come out next
but to where? After black's last the dark squares on the queen-side have been
weakened. Black must be planning Na5, Nc4, since white has obstructed the b2
pawn. White forms the plan of exploiting the dark squares on the queen-side,
and encouraging black to trade his well-placed knight for white's bishop. It's
a plan, but is it any good?} Na5 {It's on.} 11. Qb4 $6 {This is Houdini's
choice! White was oblivious of the dangerous position of the queen. But it is
a move consistent with the plan.} Nc4 {Houdini liked Qb4 because of the tactic
involved. White didn't see that.} 12. b3 $2 {This is the plan but it should
lose. Black spent over 20 minutes analysing the queen trap, concentrating on
13.Qb5, but couldn't see the finale so rejected the line.} (12. Nxd5 {[Houdini
W0.15]} Qxd5 13. Ne5 Qxd4 14. Nxc4 Be6 15. b3) 12... Nxd2 (12... a5 13. Qb5 (
13. Qc5 b6 14. Qc6 Bd7 15. Qxa8 Qxa8 16. bxc4 dxc4 17. Ne5 Qd8 18. Rab1 Ng4 19.
Nxd7 Qxd7 20. e3 e5 21. d5 Rb8 22. a4 f5 23. e4 Nf6 24. Be3 fxe4) 13... Bd7 14.
Qxb7 Nd6) (12... a5 13. Qc5 (13. Qb5 Bd7 14. Qxb7 Nd6) 13... b6 14. Qc6 Bd7 15.
Qxa8 Qxa8 16. bxc4 dxc4 17. Ne5 Qd8 18. Rab1 Ng4 19. Nxd7 Qxd7 20. e3 e5 21. d5
Rb8 22. a4 f5 23. e4 Nf6 24. Be3 fxe4) 13. Nxd2 b5 14. a4 {White played this
oblivious of another danger to the queen, which luckily doesn't work.
Otherwise a4 is a good move!} bxa4 (14... a5 15. Qxb5 Ba6 16. Qc6) 15. Nxa4 {
Now the dark-squared plan will bear fruit.} e6 16. e3 {White protects his own
dark-squares and his centre since the appropriate bishop has gone.} Bd7 17. Nc5
{The a6 pawn is a weakness.} Bb5 {This move was expected by white and a
winning sequence devised.} 18. Rfc1 {Notice that all white's attacking pieces
are on dark squares.} Qb6 $2 {This is a self-pin on the bishop.} 19. Ra5 {
Houdini spotted Nc4.} (19. Nc4 Qc7 20. Ne5) 19... Rfc8 20. Rca1 Bf8 21. Bf1 {
Both players thought this to be the winning move. There are two pins in
operation, the bishop on c5 pinned against the queen and a6 pinned against the
rook. It is attacked 3 times and defended only once.} Bxc5 {Having missed Rab8
black is in trouble.} (21... Rab8 {[Houdini W0.12]}) 22. dxc5 Qb8 $2 {Qc6 was
the move. This keeps the pin on a6 since the queen has to capture first.} 23.
Bxb5 {[Houdini W5.05]} Nd7 24. Qa3 1-0